书目信息 |
| 题名: |
抗菌药物临床应用指南
|
|
| 作者: | 侯世科 , 刘振华 , 刘晓军 主编 | |
| 分册: | ||
| 出版信息: | 北京 科学技术文献出版社 2012 |
|
| 页数: | 438页 | |
| 开本: | 26cm | |
| 丛书名: | ||
| 单 册: | ||
| 中图分类: | R978.1 | |
| 科图分类: | ||
| 主题词: | 抗菌素--临床应用 , 抗菌素 , 临床应用 | |
| 电子资源: | ||
| ISBN: | 978-7-5023-7156-2 | |
| 000 | 01038nam0 2200277 450 | |
| 001 | 012015000320 | |
| 005 | 20150914161334.10 | |
| 010 | @a978-7-5023-7156-2@b精装@dCNY88.00 | |
| 100 | @a20121212d2012 em y0chiy50 ea | |
| 101 | 0 | @achi |
| 102 | @aCN@b110000 | |
| 105 | @ay z 000yy | |
| 106 | @ar | |
| 200 | 1 | @a抗菌药物临床应用指南@Akang jun yao wu lin chuang ying yong zhi nan@f侯世科,刘振华,刘晓军主编 |
| 210 | @a北京@c科学技术文献出版社@d2012 | |
| 215 | @a438页@d26cm | |
| 330 | @a本书共21章,包括抗菌药物的分类和用法以及在各系统疾病中的具体应用,简要介绍各类抗菌药物的适用范围、给药方案、不良反应及其处置,重点介绍临床常见疾病的抗菌药物应用原则、治疗指征、用药方法和停药时机等我国基层医生急需的内容。 | |
| 606 | 0 | @a抗菌素@x临床应用 |
| 606 | 0 | @a抗菌素 |
| 606 | 0 | @a临床应用 |
| 690 | @aR978.1@v5 | |
| 701 | 0 | @a侯世科@Ahou shi ke@f(1966~)@4主编 |
| 701 | 0 | @a刘振华@Aliu zhen hua@c(药剂)@4主编 |
| 701 | 0 | @a刘晓军@Aliu xiao jun@c(药剂)@4主编 |
| 801 | 0 | @aCN@b碧洲教育@c20150716 |
| 905 | @a10447@f3@dR978.1@e100 | |
| 抗菌药物临床应用指南/侯世科,刘振华,刘晓军主编.-北京:科学技术文献出版社,2012 |
| 438页;26cm |
| ISBN 978-7-5023-7156-2(精装):CNY88.00 |
| 本书共21章,包括抗菌药物的分类和用法以及在各系统疾病中的具体应用,简要介绍各类抗菌药物的适用范围、给药方案、不良反应及其处置,重点介绍临床常见疾病的抗菌药物应用原则、治疗指征、用药方法和停药时机等我国基层医生急需的内容。 |
| ● |
| 相关链接 |
|
|
|
|
正题名:抗菌药物临床应用指南
索取号:R978.1/100
 
预约/预借
| 序号 | 登录号 | 条形码 | 馆藏地/架位号 | 状态 | 备注 |
| 1 | 0849760 | 208497606 | 第二样本阅览室/ [索取号:R978.1/100] | 在馆 | |
| 2 | 0849761 | 208497615 | 密集书库-生命科学系/ [索取号:R978.1/100] | 在馆 | |
| 3 | 0849762 | 208497624 | 第三借阅区/ [索取号:R978.1/100] | 在馆 |